000 01256cam a22003494i 4500
003 PE-LiUPU
005 20250731184105.0
008 150623s r 000 0 d
035 _a(Sirsi) a29381
040 _aPE-LiUPU
_bspa
_cPE-LiUPU
_erda
082 0 4 _a808.8
_bS79
_221
100 1 _aSteinbeck, John,
_eautor.
245 1 0 _aAl este del eden /
_cJohn Steinbeck; traduccion de Vicente de Artadi.
264 1 _aBuenos Aires :
_bOrbis,
_c1983.
300 _a736 páginas ;
_c20 cm.
336 _atext
_2rdacontent
337 _aunmediated
_2rdamedia
338 _avolume
_2rdacarrier
490 0 _aBiblioteca grandes exitos
505 0 _aCuatro partes.
526 _aP145
526 _aP127
526 _aP97
526 _aP14
526 _aP07
650 1 4 _aEscritores estadounidenses (Steinbeck).
650 2 4 _aNovela estadounidense
_xSiglo XX.
942 _2ddc
_cBOOK
949 _a808.8 S79
_wDEWEY
_c1
_i24619
_lCCODEBUL1
_mBUL
_p00.00
_r0
_sY
_tBOOK
_u2015-06-24
_xBIBLIOTECA
_zUNKNOWN
_0COMPRA
_o.STAFF. Colección General
596 _a1
999 _a808.8 S79
_wDEWEY
_c36732
_i24619
_d36732
_f2021-11-5
_g5
_lCCODEBUL1
_mBUL
_q1
_r0
_sY
_tBOOK
_u2015-6-24
_xBIBLIOTECA
_zUNKNOWN
_0COMPRA
_o.STAFF. Colección General
980 _81
_gALBERTO SANCHEZ Responsable de Automatización